Aspects of valuation practice in Central and Eastern European economies (Record no. 78703)

MARC details
000 -LEADER
fixed length control field 00961cam a22002175a 4500
001 - CONTROL NUMBER
control field L137748
008 - FIXED-LENGTH DATA ELEMENTS--GENERAL INFORMATION
fixed length control field 070426s2007 xxk f 000 0 eng d
035 ## - SYSTEM CONTROL NUMBER
System control number (Sirsi) u137748
041 0# - LANGUAGE CODE
Language code of text/sound track or separate title eng
100 1# - MAIN ENTRY--PERSONAL NAME
Personal name Mansfield, John R.
245 00 - TITLE STATEMENT
Title Aspects of valuation practice in Central and Eastern European economies
260 ## - PUBLICATION, DISTRIBUTION, ETC.
Date of publication, distribution, etc. 2007
490 #0 - SERIES STATEMENT
Series statement Property Management
Volume/sequential designation 25(2), 150-163(14)
520 ## - SUMMARY, ETC.
Summary, etc. Discusses professional valuation practice in the Czech Republic, Hungary and Poland, examining the relationship between the bases of valuation and external changes in the regulatory system. Reports that investors often face problems when commissioning valuations that do not accord with internationally recognised definitions of market value.
590 ## - LOCAL NOTE (RLIN)
Local note KA
651 #4 - SUBJECT ADDED ENTRY--GEOGRAPHIC NAME
Geographic name CENTRAL EUROPE
651 #4 - SUBJECT ADDED ENTRY--GEOGRAPHIC NAME
Geographic name EASTERN EUROPE
690 ## - LOCAL SUBJECT ADDED ENTRY--TOPICAL TERM (OCLC, RLIN)
Topical term or geographic name as entry element PROPERTY-COMMERCIAL PROPERTY-COMMERCIAL PROPERTY VALUATION AND INVESTMENT
700 1# - ADDED ENTRY--PERSONAL NAME
Personal name Royston, Paul J.
942 ## - ADDED ENTRY ELEMENTS (KOHA)
Suppress in OPAC 0
Holdings
Withdrawn status Lost status Source of classification or shelving scheme Damaged status Not for loan Home library Current library Shelving location Date acquired Total Checkouts Full call number Barcode Date last seen Copy number Price effective from Koha item type
    Dewey Decimal Classification     London London Journal article 26/04/2007   L137748 137748-1001 06/08/2019 1 06/08/2019 Journal article